100 Smallest Countries by Area - Statistics

General Stats
  • This quiz has been taken 852 times
  • The average score is 80 of 100
Answer Stats
Rank Answer % Correct
1 Vatican City
98%
2 Monaco
94%
28 Luxembourg
92%
5 San Marino
91%
6 Liechtenstein
89%
17 Andorra
88%
3 Nauru
88%
4 Tuvalu
88%
22 Dominica
87%
10 Malta
87%
7 Marshall Islands
86%
80 Panama
86%
8 Saint Kitts and Nevis
86%
18 Saint Lucia
86%
20 Singapore
86%
48 El Salvador
85%
47 Israel
85%
49 Belize
84%
68 Dominican Republic
84%
67 Estonia
84%
45 Fiji
84%
53 Haiti
84%
59 Lesotho
84%
16 Palau
84%
38 Qatar
84%
12 Saint Vincent and the Grenadines
84%
15 Seychelles
84%
43 Swaziland
84%
21 Tonga
84%
14 Antigua and Barbuda
83%
23 Bahrain
83%
13 Barbados
83%
32 Brunei
83%
27 Comoros
83%
35 Kosovo
83%
74 Latvia
83%
75 Lithuania
83%
25 Sao Tome and Principe
83%
46 Slovenia
83%
57 Solomon Islands
83%
60 Belgium
82%
64 Bhutan
82%
30 Cape Verde
82%
36 Jamaica
82%
9 Maldives
82%
31 Trinidad and Tobago
82%
41 Bahamas
81%
92 Cuba
81%
11 Grenada
81%
95 Honduras
81%
19 Micronesia
81%
40 Montenegro
81%
66 Netherlands
81%
29 Samoa
81%
69 Slovakia
81%
39 Vanuatu
81%
70 Costa Rica
80%
33 Cyprus
80%
37 Gambia
80%
78 Ireland
80%
24 Kiribati
80%
44 Kuwait
80%
34 Lebanon
80%
54 Burundi
79%
50 Djibouti
79%
73 Togo
79%
84 Austria
78%
91 Guatemala
78%
52 Rwanda
78%
62 Taiwan
78%
58 Armenia
77%
72 Croatia
77%
42 Timor-Leste
77%
56 Albania
76%
55 Equatorial Guinea
76%
90 Iceland
76%
26 Mauritius
76%
100 Nicaragua
76%
89 South Korea
76%
65 Switzerland
76%
83 United Arab Emirates
76%
96 Benin
75%
71 Bosnia and Herzegovina
75%
77 Georgia
75%
61 Moldova
75%
81 Serbia
75%
82 Czechia
74%
88 Hungary
73%
51 Macedonia
73%
85 Azerbaijan
72%
63 Guinea-Bissau
72%
76 Sri Lanka
72%
99 North Korea
71%
86 Jordan
70%
79 Sierra Leone
70%
94 Liberia
69%
87 Portugal
69%
97 Eritrea
66%
93 Bulgaria
63%
98 Malawi
63%
No matching quizzes found
Score Distribution
Percent of People with Each Score
Percentile by Number Answered
Your Score History
You have not taken this quiz